|
|
|
|
| LEADER |
01507nam a22003017a 4500 |
| 001 |
39953 |
| 003 |
BD-DhAAL |
| 008 |
221107t2020 si a|||| b||| 00| 0 eng d |
| 999 |
|
|
|c 44566
|d 44566
|
| 020 |
|
|
|a 9789811555756
|
| 040 |
|
|
|a BD-DhAAL
|c BD-DhAAL
|
| 082 |
|
|
|a 006.35
|2 23
|
| 100 |
|
|
|a Liu, Zhiyuan
|9 52242
|
| 245 |
|
|
|a Representation learning for natural language processing /
|c Zhiyuan Liu, Yankai Lin, and Maosong Sun.
|
| 260 |
|
|
|a Singapore :
|b Springer,
|c 2020.
|
| 300 |
|
|
|a xxiv, 334 pages :
|b illustrations ;
|c 24 cm.
|
| 504 |
|
|
|a Includes bibliographical references.
|
| 526 |
|
|
|a CSE
|
| 541 |
|
|
|a Book Finder International
|e 39953, 39954, 39955
|
| 650 |
|
|
|a Natural language processing (Computer science).
|9 52243
|
| 650 |
|
|
|a Computer science.
|9 52244
|
| 700 |
|
|
|a Lin, Yankai
|9 52245
|
| 700 |
|
|
|a Sun, Maosong
|9 52246
|
| 852 |
|
|
|a Ayesha Abed Library
|c General Stacks
|
| 942 |
|
|
|2 ddc
|c BK
|
| 952 |
|
|
|0 0
|1 0
|2 ddc
|4 0
|6 006_350000000000000_LIU
|7 0
|9 72171
|a BRACUL
|b BRACUL
|c GEN
|d 2022-10-27
|e Book Finder International
|g 2590.34
|l 0
|o 006.35 LIU
|p 3010039954
|r 2022-10-27
|t 2
|v 2590.34
|w 2022-10-27
|y BK
|
| 952 |
|
|
|0 0
|1 0
|2 ddc
|4 0
|6 006_350000000000000_LIU
|7 0
|9 72172
|a BRACUL
|b BRACUL
|c GEN
|d 2022-10-27
|e Book Finder International
|g 2590.34
|l 0
|o 006.35 LIU
|p 3010039955
|r 2022-10-27
|t 3
|v 2590.34
|w 2022-10-27
|y BK
|
| 952 |
|
|
|0 0
|1 0
|2 ddc
|4 0
|6 006_350000000000000_LIU
|7 0
|9 72173
|a BRACUL
|b BRACUL
|c GEN
|d 2022-10-27
|e Book Finder International
|g 2590.34
|l 2
|m 2
|o 006.35 LIU
|p 3010039953
|r 2025-05-22
|s 2025-05-22
|t 1
|v 2590.34
|w 2022-10-27
|y BK
|